000 00637nam a2200277Ia 4500
005 20260324123211.0
008 008 260324s9999 xx 000 0 eng d
020 _a9781003580331
037 _aEBOOK
040 _aCRL
040 _beng
040 _cCRL
041 _2eng
041 _aeng
084 _qCRL
100 _aJulian M. Luxford
_91169415
245 4 _aThe Medieval Chantry in England
260 _bTaylor and Francis
260 _c2012
365 _a
365 _b230
856 _uhttp://www.taylorfrancis.com/books/9781003580331
942 _cEBOOK
999 _c1762718
_d1762718